[Event "DVM U20 2021"]
[Site "Kiel GER"]
[Date "2022.07.25"]
[Round "5"]
[White "Farokhi, Keyvan"]
[Black "Arnhold, Steffi"]
[Result "1-0"]
[Termination "normal"]
[Board "5.2"]
[WhiteTitle "FM"]
[WhiteElo "2332"]
[BlackElo "2107"]
[WhiteClock "00:07:43"]
[BlackClock "00:21:10"]
[WhiteTeam "SK Doppelbauer Kiel"]
[BlackTeam "SC Bavaria Regensburg von 1881 e.V."]
[PlyCount "145"]
[WhiteFideId "12998630"]
[BlackFideId "12931365"]
[EventCountry "GER"]
[EventRounds "7"]
[EventType "team-swiss"]
[EventDate "2022.07.22"]

1. d4 {[%clk 01:30:57]} {[%emt 00:00:02]} Nf6 {[%clk 01:30:48]} {[%emt
00:00:13]} 2. Nf3 {[%clk 01:31:18]} {[%emt 00:00:08]} b6 {[%clk 01:29:59]}
{[%emt 00:01:19]} 3. g3 {[%clk 01:31:18]} {[%emt 00:00:30]} Bb7 {[%clk
01:30:12]} {[%emt 00:00:17]} 4. Bg2 {[%clk 01:31:34]} {[%emt 00:00:13]} e6
{[%clk 01:29:49]} {[%emt 00:00:53]} 5. c4 {[%clk 01:31:52]} {[%emt 00:00:12]}
Be7 {[%clk 01:29:15]} {[%emt 00:01:04]} 6. O-O {[%clk 01:32:06]} {[%emt
00:00:16]} O-O {[%clk 01:29:10]} {[%emt 00:00:36]} 7. Nc3 {[%clk 01:32:16]}
{[%emt 00:00:17]} d6 {[%clk 01:27:54]} {[%emt 00:01:48]} 8. Qc2 {[%clk
01:31:23]} {[%emt 00:01:21]} c5 {[%clk 01:25:00]} {[%emt 00:03:26]} 9. d5
{[%clk 01:29:28]} {[%emt 00:02:25]} exd5 {[%clk 01:19:14]} {[%emt 00:06:18]}
10. cxd5 {[%clk 01:29:29]} {[%emt 00:00:28]} b5 {[%clk 01:05:45]} {[%emt
00:13:59]} 11. Nxb5 {[%clk 01:16:25]} {[%emt 00:13:33]} Bxd5 {[%clk 01:03:01]}
{[%emt 00:03:14]} 12. Rd1 {[%clk 01:13:39]} {[%emt 00:03:16]} Na6 {[%clk
00:44:47]} {[%emt 00:18:45]} 13. Nc3 {[%clk 00:58:12]} {[%emt 00:15:57]} Bc6
{[%clk 00:41:15]} {[%emt 00:04:02]} 14. e4 {[%clk 00:54:35]} {[%emt 00:04:07]}
Qb6 {[%clk 00:38:38]} {[%emt 00:03:08]} 15. Bf4 {[%clk 00:50:33]} {[%emt
00:04:31]} Rad8 {[%clk 00:35:40]} {[%emt 00:03:28]} 16. e5 {[%clk 00:48:04]}
{[%emt 00:02:59]} dxe5 {[%clk 00:35:39]} {[%emt 00:00:33]} 17. Bxe5 {[%clk
00:48:13]} {[%emt 00:00:20]} Ng4 {[%clk 00:33:15]} {[%emt 00:02:54]} 18. Bf4
{[%clk 00:45:30]} {[%emt 00:03:13]} c4 {[%clk 00:30:57]} {[%emt 00:02:48]} 19.
Ng5 {[%clk 00:36:18]} {[%emt 00:09:41]} Bxg5 {[%clk 00:23:16]} {[%emt
00:08:12]} 20. Bxg5 {[%clk 00:36:39]} {[%emt 00:00:08]} Rd3 {[%clk 00:20:59]}
{[%emt 00:02:46]} 21. Bxc6 {[%clk 00:32:57]} {[%emt 00:04:12]} Qxc6 {[%clk
00:20:11]} {[%emt 00:01:19]} 22. Qe2 {[%clk 00:25:09]} {[%emt 00:08:18]} Qd7
{[%clk 00:18:33]} {[%emt 00:02:08]} 23. h3 {[%clk 00:24:23]} {[%emt 00:01:16]}
f6 {[%clk 00:14:52]} {[%emt 00:04:12]} 24. Qe4 {[%clk 00:20:34]} {[%emt
00:04:18]} Ne5 {[%clk 00:14:31]} {[%emt 00:00:52]} 25. Bf4 {[%clk 00:19:08]}
{[%emt 00:01:56]} Nc5 {[%clk 00:11:57]} {[%emt 00:03:04]} 26. Rxd3 {[%clk
00:19:29]} {[%emt 00:00:08]} Ncxd3 {[%clk 00:11:08]} {[%emt 00:01:20]} 27. Bxe5
{[%clk 00:17:17]} {[%emt 00:02:41]} Nxe5 {[%clk 00:11:28]} {[%emt 00:00:10]}
28. Kg2 {[%clk 00:15:10]} {[%emt 00:02:37]} Qd3 {[%clk 00:09:25]} {[%emt
00:02:34]} 29. Rd1 {[%clk 00:13:30]} {[%emt 00:02:10]} Qxe4+ {[%clk 00:09:36]}
{[%emt 00:00:19]} 30. Nxe4 {[%clk 00:13:57]} {[%emt 00:00:02]} Rb8 {[%clk
00:09:54]} {[%emt 00:00:13]} 31. Rd2 {[%clk 00:13:50]} {[%emt 00:00:36]} Rb4
{[%clk 00:05:33]} {[%emt 00:04:51]} 32. Nd6 {[%clk 00:09:10]} {[%emt 00:05:10]}
g5 {[%clk 00:04:58]} {[%emt 00:01:06]} 33. a3 {[%clk 00:04:09]} {[%emt
00:05:30]} Rb6 {[%clk 00:04:15]} {[%emt 00:01:13]} 34. f4 {[%clk 00:03:09]}
{[%emt 00:01:31]} gxf4 {[%clk 00:04:18]} {[%emt 00:00:28]} 35. gxf4 {[%clk
00:03:38]} {[%emt 00:00:01]} c3 {[%clk 00:04:12]} {[%emt 00:00:35]} 36. bxc3
{[%clk 00:04:00]} {[%emt 00:00:07]} Ng6 {[%clk 00:04:21]} {[%emt 00:00:21]} 37.
f5 {[%clk 00:03:21]} {[%emt 00:01:09]} Ne5 {[%clk 00:03:34]} {[%emt 00:01:17]}
38. Ne4 {[%clk 00:03:18]} {[%emt 00:00:32]} Kf7 {[%clk 00:03:30]} {[%emt
00:00:35]} 39. Rd4 {[%clk 00:03:23]} {[%emt 00:00:25]} Rb2+ {[%clk 00:03:23]}
{[%emt 00:00:38]} 40. Kg3 {[%clk 00:03:41]} {[%emt 00:00:12]} Re2 {[%clk
00:03:21]} {[%emt 00:00:32]} 41. Ra4 {[%clk 00:01:41]} {[%emt 00:02:29]} a5
{[%clk 00:02:07]} {[%emt 00:01:45]} 42. Nd6+ {[%clk 00:25:16]} {[%emt
00:06:55]} Ke7 {[%clk 00:31:48]} {[%emt 00:00:49]} 43. Nb5 {[%clk 00:25:37]}
{[%emt 00:00:09]} Nc6 {[%clk 00:30:44]} {[%emt 00:01:34]} 44. Rh4 {[%clk
00:25:37]} {[%emt 00:00:29]} Re5 {[%clk 00:29:49]} {[%emt 00:01:25]} 45. Rxh7+
{[%clk 00:25:59]} {[%emt 00:00:08]} Kd8 {[%clk 00:30:06]} {[%emt 00:00:13]} 46.
Nc7 {[%clk 00:16:28]} {[%emt 00:10:01]} Re3+ {[%clk 00:28:56]} {[%emt
00:01:40]} 47. Kf4 {[%clk 00:16:45]} {[%emt 00:00:12]} Rxc3 {[%clk 00:29:17]}
{[%emt 00:00:10]} 48. Ne6+ {[%clk 00:16:31]} {[%emt 00:00:44]} Ke8 {[%clk
00:28:51]} {[%emt 00:00:56]} 49. Rc7 {[%clk 00:14:41]} {[%emt 00:02:19]} Rc4+
{[%clk 00:26:13]} {[%emt 00:03:09]} 50. Kg3 {[%clk 00:15:05]} {[%emt 00:00:06]}
a4 {[%clk 00:26:15]} {[%emt 00:00:27]} 51. h4 {[%clk 00:10:25]} {[%emt
00:05:11]} Ne5 {[%clk 00:25:26]} {[%emt 00:01:19]} 52. Rxc4 {[%clk 00:09:40]}
{[%emt 00:01:15]} Nxc4 {[%clk 00:25:51]} {[%emt 00:00:06]} 53. Nc7+ {[%clk
00:10:04]} {[%emt 00:00:06]} Kf7 {[%clk 00:26:03]} {[%emt 00:00:17]} 54. Nb5
{[%clk 00:10:23]} {[%emt 00:00:11]} Kg7 {[%clk 00:26:18]} {[%emt 00:00:16]} 55.
Kf4 {[%clk 00:08:27]} {[%emt 00:02:26]} Kh6 {[%clk 00:26:17]} {[%emt 00:00:30]}
56. Ke4 {[%clk 00:08:43]} {[%emt 00:00:13]} Kh5 {[%clk 00:26:14]} {[%emt
00:00:34]} 57. Kd4 {[%clk 00:08:22]} {[%emt 00:00:50]} Na5 {[%clk 00:24:44]}
{[%emt 00:02:00]} 58. Kc5 {[%clk 00:07:31]} {[%emt 00:01:21]} Kxh4 {[%clk
00:24:54]} {[%emt 00:00:21]} 59. Kb4 {[%clk 00:07:41]} {[%emt 00:00:18]} Nc6+
{[%clk 00:24:45]} {[%emt 00:00:40]} 60. Kxa4 {[%clk 00:08:10]} {[%emt
00:00:02]} Kg4 {[%clk 00:24:52]} {[%emt 00:00:23]} 61. Nd6 {[%clk 00:08:25]}
{[%emt 00:00:15]} Kf4 {[%clk 00:21:46]} {[%emt 00:03:36]} 62. Kb5 {[%clk
00:08:26]} {[%emt 00:00:29]} Nd4+ {[%clk 00:22:08]} {[%emt 00:00:08]} 63. Kc5
{[%clk 00:08:11]} {[%emt 00:00:44]} Ke5 {[%clk 00:22:14]} {[%emt 00:00:24]} 64.
Nc4 {[%clk 00:05:09]} {[%emt 00:03:32]} Ke4 {[%clk 00:22:22]} {[%emt 00:00:22]}
65. Nd2+ {[%clk 00:05:12]} {[%emt 00:00:27]} Ke5 {[%clk 00:22:33]} {[%emt
00:00:19]} 66. a4 {[%clk 00:05:19]} {[%emt 00:00:23]} Nxf5 {[%clk 00:22:17]}
{[%emt 00:00:47]} 67. a5 {[%clk 00:05:42]} {[%emt 00:00:06]} Ne7 {[%clk
00:21:43]} {[%emt 00:01:04]} 68. a6 {[%clk 00:06:02]} {[%emt 00:00:10]} Nc8
{[%clk 00:21:41]} {[%emt 00:00:33]} 69. Nc4 {[%clk 00:06:22]} {[%emt 00:00:10]}
Ke6 {[%clk 00:21:53]} {[%emt 00:00:18]} 70. Kc6 {[%clk 00:06:46]} {[%emt
00:00:06]} f5 {[%clk 00:20:46]} {[%emt 00:01:37]} 71. Kc7 {[%clk 00:06:57]}
{[%emt 00:00:18]} Na7 {[%clk 00:20:53]} {[%emt 00:00:23]} 72. Kb7 {[%clk
00:07:20]} {[%emt 00:00:07]} Nb5 {[%clk 00:21:10]} {[%emt 00:00:14]} 73. Kb6
{[%clk 00:07:43]} {[%emt 00:00:07]} 1-0

[Event "DVM U20 2021"]
[Site "Kiel GER"]
[Date "2022.07.25"]
[Round "5"]
[White "Steinhauer, Artur"]
[Black "Rempe, Jonas"]
[Result "1/2-1/2"]
[Termination "normal"]
[Board "5.3"]
[WhiteElo "1901"]
[BlackElo "1861"]
[WhiteClock "00:35:46"]
[BlackClock "00:19:13"]
[WhiteTeam "SC Bavaria Regensburg von 1881 e.V."]
[BlackTeam "SK Doppelbauer Kiel"]
[PlyCount "96"]
[WhiteFideId "16263596"]
[BlackFideId "16202406"]
[EventCountry "GER"]
[EventRounds "7"]
[EventType "team-swiss"]
[EventDate "2022.07.22"]

1. e4 {[%clk 01:30:57]} {[%emt 00:00:02]} e5 {[%clk 01:30:53]} {[%emt
00:00:07]} 2. Nf3 {[%clk 01:31:23]} {[%emt 00:00:04]} Nc6 {[%clk 01:31:19]}
{[%emt 00:00:04]} 3. Bb5 {[%clk 01:31:51]} {[%emt 00:00:02]} a6 {[%clk
01:31:44]} {[%emt 00:00:05]} 4. Bxc6 {[%clk 01:32:14]} {[%emt 00:00:06]} dxc6
{[%clk 01:32:09]} {[%emt 00:00:05]} 5. O-O {[%clk 01:32:40]} {[%emt 00:00:04]}
Bg4 {[%clk 01:32:34]} {[%emt 00:00:05]} 6. h3 {[%clk 01:33:07]} {[%emt
00:00:02]} h5 {[%clk 01:32:59]} {[%emt 00:00:05]} 7. d3 {[%clk 01:33:34]}
{[%emt 00:00:03]} Qf6 {[%clk 01:31:17]} {[%emt 00:02:13]} 8. Be3 {[%clk
01:33:57]} {[%emt 00:00:08]} Bxf3 {[%clk 01:29:34]} {[%emt 00:02:13]} 9. Qxf3
{[%clk 01:34:07]} {[%emt 00:00:20]} Qxf3 {[%clk 01:30:01]} {[%emt 00:00:02]}
10. gxf3 {[%clk 01:34:30]} {[%emt 00:00:07]} Bd6 {[%clk 01:30:31]} 11. Nd2
{[%clk 01:34:55]} {[%emt 00:00:07]} Ne7 {[%clk 01:26:48]} {[%emt 00:04:12]} 12.
Rfb1 {[%clk 01:35:18]} {[%emt 00:00:07]} c5 {[%clk 00:55:54]} {[%emt 00:31:22]}
13. c3 {[%clk 01:33:35]} {[%emt 00:02:14]} Nc6 {[%clk 00:51:15]} {[%emt
00:05:08]} 14. a3 {[%clk 01:33:09]} {[%emt 00:00:56]} a5 {[%clk 00:47:50]}
{[%emt 00:03:55]} 15. a4 {[%clk 01:33:22]} {[%emt 00:00:17]} f6 {[%clk
00:41:32]} {[%emt 00:06:47]} 16. Kf1 {[%clk 01:31:36]} {[%emt 00:02:17]} Kf7
{[%clk 00:39:57]} {[%emt 00:02:05]} 17. Ke2 {[%clk 01:31:26]} {[%emt 00:00:40]}
Rhb8 {[%clk 00:35:38]} {[%emt 00:04:47]} 18. Nc4 {[%clk 01:26:19]} {[%emt
00:05:38]} Rg8 {[%clk 00:21:14]} {[%emt 00:14:53]} 19. Rg1 {[%clk 01:22:18]}
{[%emt 00:04:31]} g6 {[%clk 00:20:15]} {[%emt 00:01:30]} 20. Rg2 {[%clk
01:19:12]} {[%emt 00:03:36]} Rg7 {[%clk 00:13:57]} {[%emt 00:06:47]} 21. Rag1
{[%clk 01:13:53]} {[%emt 00:05:50]} Rag8 {[%clk 00:14:18]} {[%emt 00:00:09]}
22. Kd2 {[%clk 01:11:05]} {[%emt 00:03:18]} Ke6 {[%clk 00:13:03]} {[%emt
00:01:45]} 23. Kc2 {[%clk 01:05:01]} {[%emt 00:06:34]} b6 {[%clk 00:07:35]}
{[%emt 00:05:58]} 24. Bd2 {[%clk 00:59:45]} {[%emt 00:05:45]} Nd8 {[%clk
00:06:51]} {[%emt 00:01:15]} 25. Ne3 {[%clk 00:58:12]} {[%emt 00:02:03]} Kf7
{[%clk 00:06:23]} {[%emt 00:00:58]} 26. Nd5 {[%clk 00:56:20]} {[%emt 00:02:23]}
Ne6 {[%clk 00:06:37]} {[%emt 00:00:15]} 27. Kd1 {[%clk 00:44:21]} {[%emt
00:12:29]} h4 {[%clk 00:06:49]} {[%emt 00:00:19]} 28. Kc2 {[%clk 00:41:32]}
{[%emt 00:03:20]} g5 {[%clk 00:06:12]} {[%emt 00:01:06]} 29. Ne3 {[%clk
00:38:02]} {[%emt 00:04:00]} Rh7 {[%clk 00:05:38]} {[%emt 00:01:04]} 30. Nf5
{[%clk 00:37:49]} {[%emt 00:00:43]} Ng7 {[%clk 00:06:00]} {[%emt 00:00:08]} 31.
Nxg7 {[%clk 00:37:30]} {[%emt 00:00:49]} Rhxg7 {[%clk 00:06:16]} {[%emt
00:00:14]} 32. Be3 {[%clk 00:36:26]} {[%emt 00:01:34]} Rh7 {[%clk 00:03:33]}
{[%emt 00:03:13]} 33. Kb3 {[%clk 00:33:43]} {[%emt 00:03:13]} Rhh8 {[%clk
00:02:46]} {[%emt 00:01:16]} 34. Rd1 {[%clk 00:31:28]} {[%emt 00:02:45]} Rc8
{[%clk 00:02:29]} {[%emt 00:00:47]} 35. Rgg1 {[%clk 00:30:12]} {[%emt
00:01:47]} Rhd8 {[%clk 00:02:28]} {[%emt 00:00:31]} 36. Rd2 {[%clk 00:29:02]}
{[%emt 00:01:40]} Ke6 {[%clk 00:01:44]} {[%emt 00:01:14]} 37. Rgd1 {[%clk
00:29:18]} {[%emt 00:00:14]} Rd7 {[%clk 00:00:44]} {[%emt 00:01:29]} 38. d4
{[%clk 00:22:33]} {[%emt 00:07:14]} cxd4 {[%clk 00:01:10]} {[%emt 00:00:05]}
39. cxd4 {[%clk 00:22:56]} {[%emt 00:00:07]} exd4 {[%clk 00:01:30]} {[%emt
00:00:10]} 40. Rxd4 {[%clk 00:22:38]} {[%emt 00:00:48]} Rcd8 {[%clk 00:01:29]}
{[%emt 00:00:31]} 41. Kc4 {[%clk 00:21:42]} {[%emt 00:01:26]} Bh2 {[%clk
00:22:16]} {[%emt 00:09:42]} 42. Rxd7 {[%clk 00:44:31]} {[%emt 00:07:42]} Rxd7
{[%clk 00:22:45]} {[%emt 00:00:01]} 43. Rxd7 {[%clk 00:45:00]} {[%emt
00:00:01]} Kxd7 {[%clk 00:23:14]} 44. Kd5 {[%clk 00:42:49]} {[%emt 00:02:40]}
c6+ {[%clk 00:23:11]} {[%emt 00:00:32]} 45. Kc4 {[%clk 00:43:13]} {[%emt
00:00:06]} Bc7 {[%clk 00:23:37]} {[%emt 00:00:04]} 46. b3 {[%clk 00:39:31]}
{[%emt 00:04:12]} Ke6 {[%clk 00:20:29]} {[%emt 00:03:38]} 47. Kd3 {[%clk
00:38:16]} {[%emt 00:01:46]} b5 {[%clk 00:19:13]} {[%emt 00:01:46]} 48. Ke2
{[%clk 00:35:46]} {[%emt 00:03:00]} Ke5 {[%emt 00:03:47]} 1/2-1/2

[Event "DVM U20 2021"]
[Site "Kiel GER"]
[Date "2022.07.25"]
[Round "5"]
[White "Günther, Emil"]
[Black "Aumüller, Naum"]
[Result "1/2-1/2"]
[Termination "normal"]
[Board "5.4"]
[WhiteElo "1799"]
[BlackElo "1841"]
[WhiteClock "00:18:56"]
[BlackClock "00:04:04"]
[WhiteTeam "SK Doppelbauer Kiel"]
[BlackTeam "SC Bavaria Regensburg von 1881 e.V."]
[PlyCount "114"]
[WhiteFideId "16228154"]
[BlackFideId "16263960"]
[EventCountry "GER"]
[EventRounds "7"]
[EventType "team-swiss"]
[EventDate "2022.07.22"]

1. Nf3 {[%clk 01:30:59]} {[%emt 11:51:18]} Nf6 {[%clk 01:30:55]} {[%emt
00:00:06]} 2. g3 {[%clk 01:31:25]} {[%emt 00:00:04]} g6 {[%clk 01:31:18]}
{[%emt 00:00:06]} 3. Bg2 {[%clk 01:31:47]} {[%emt 00:00:08]} Bg7 {[%clk
01:31:42]} {[%emt 00:00:06]} 4. O-O {[%clk 01:32:14]} {[%emt 00:00:03]} O-O
{[%clk 01:32:02]} {[%emt 00:00:09]} 5. c4 {[%clk 01:32:33]} {[%emt 00:00:11]}
d6 {[%clk 01:32:25]} {[%emt 00:00:07]} 6. Nc3 {[%clk 01:32:49]} {[%emt
00:00:14]} c6 {[%clk 01:32:49]} {[%emt 00:00:05]} 7. b3 {[%clk 01:31:55]}
{[%emt 00:01:25]} e5 {[%clk 01:31:26]} {[%emt 00:01:54]} 8. d4 {[%clk
01:30:35]} {[%emt 00:01:49]} Qb6 {[%clk 01:29:52]} {[%emt 00:02:04]} 9. Na4
{[%clk 01:23:44]} {[%emt 00:07:21]} Qc7 {[%clk 01:25:22]} {[%emt 00:05:00]} 10.
Bb2 {[%clk 01:16:52]} {[%emt 00:07:21]} Nbd7 {[%clk 01:16:03]} {[%emt
00:09:48]} 11. Qc2 {[%clk 01:16:08]} {[%emt 00:01:15]} Re8 {[%clk 01:12:37]}
{[%emt 00:03:56]} 12. dxe5 {[%clk 01:15:25]} {[%emt 00:01:13]} dxe5 {[%clk
01:10:30]} {[%emt 00:02:37]} 13. Rfd1 {[%clk 01:15:15]} {[%emt 00:00:39]} Nb6
{[%clk 01:04:00]} {[%emt 00:07:00]} 14. Nc3 {[%clk 01:13:22]} {[%emt 00:02:23]}
Bf5 {[%clk 01:03:11]} {[%emt 00:01:19]} 15. e4 {[%clk 01:11:54]} {[%emt
00:01:58]} Bg4 {[%clk 01:02:55]} {[%emt 00:00:45]} 16. Rd3 {[%clk 01:10:12]}
{[%emt 00:02:12]} Bxf3 {[%clk 01:01:20]} {[%emt 00:02:06]} 17. Bxf3 {[%clk
01:10:00]} {[%emt 00:00:42]} Nbd7 {[%clk 00:58:54]} {[%emt 00:02:56]} 18. h4
{[%clk 00:58:26]} {[%emt 00:12:04]} Nc5 {[%clk 00:55:14]} {[%emt 00:04:09]} 19.
Rdd1 {[%clk 00:58:23]} {[%emt 00:00:33]} Bf8 {[%clk 00:48:27]} {[%emt
00:07:18]} 20. Ne2 {[%clk 00:48:21]} {[%emt 00:10:31]} Rad8 {[%clk 00:45:28]}
{[%emt 00:03:29]} 21. Kg2 {[%clk 00:39:02]} {[%emt 00:09:49]} h5 {[%clk
00:40:25]} {[%emt 00:05:33]} 22. Bc3 {[%clk 00:30:30]} {[%emt 00:09:01]} Bh6
{[%clk 00:36:28]} {[%emt 00:04:27]} 23. b4 {[%clk 00:24:13]} {[%emt 00:06:47]}
Ne6 {[%clk 00:24:37]} {[%emt 00:12:21]} 24. Qb2 {[%clk 00:24:34]} {[%emt
00:00:09]} Nd4 {[%clk 00:23:24]} {[%emt 00:01:43]} 25. Nxd4 {[%clk 00:24:30]}
{[%emt 00:00:34]} exd4 {[%clk 00:23:44]} {[%emt 00:00:10]} 26. Rxd4 {[%clk
00:24:22]} {[%emt 00:00:38]} Rxd4 {[%clk 00:23:46]} {[%emt 00:00:28]} 27. Bxd4
{[%clk 00:24:48]} {[%emt 00:00:04]} Nxe4 {[%clk 00:23:06]} {[%emt 00:01:10]}
28. Re1 {[%clk 00:25:06]} {[%emt 00:00:11]} Nd6 {[%clk 00:21:18]} {[%emt
00:02:18]} 29. Rxe8+ {[%clk 00:25:15]} {[%emt 00:00:21]} Nxe8 {[%clk 00:21:47]}
{[%emt 00:00:01]} 30. Qe2 {[%clk 00:25:03]} {[%emt 00:00:42]} Ng7 {[%clk
00:19:55]} {[%emt 00:02:22]} 31. Qe5 {[%clk 00:23:15]} {[%emt 00:02:18]} Qxe5
{[%clk 00:19:25]} {[%emt 00:01:00]} 32. Bxe5 {[%clk 00:23:39]} {[%emt
00:00:06]} Ne6 {[%clk 00:19:21]} {[%emt 00:00:35]} 33. b5 {[%clk 00:23:52]}
{[%emt 00:00:17]} cxb5 {[%clk 00:18:00]} {[%emt 00:01:50]} 34. cxb5 {[%clk
00:24:15]} {[%emt 00:00:06]} Nc5 {[%clk 00:17:35]} {[%emt 00:00:55]} 35. Kf1
{[%clk 00:17:51]} {[%emt 00:06:55]} Bg7 {[%clk 00:15:59]} {[%emt 00:02:07]} 36.
Bd6 {[%clk 00:12:10]} {[%emt 00:06:11]} Bd4 {[%clk 00:14:56]} {[%emt 00:01:32]}
37. Bd5 {[%clk 00:11:22]} {[%emt 00:01:18]} Kg7 {[%emt 00:00:56]} 38. Ke2
{[%clk 00:10:55]} {[%emt 00:00:35]} f5 {[%clk 00:12:47]} {[%emt 00:02:35]} 39.
f3 {[%clk 00:11:04]} {[%emt 00:00:21]} Kf6 {[%clk 00:12:04]} {[%emt 00:01:14]}
40. Bf4 {[%clk 00:09:04]} {[%emt 00:02:30]} Ne6 {[%clk 00:05:41]} {[%emt
00:06:53]} 41. Bh6 {[%clk 00:01:30]} {[%emt 00:08:05]} a6 {[%clk 00:02:58]}
{[%emt 00:03:13]} 42. Be3 {[%clk 00:25:25]} {[%emt 00:06:35]} Bxe3 {[%clk
00:17:54]} {[%emt 00:15:33]} 43. Kxe3 {[%clk 00:25:49]} {[%emt 00:00:05]} axb5
{[%clk 00:16:50]} {[%emt 00:01:34]} 44. Bxb7 {[%clk 00:25:52]} {[%emt
00:00:27]} Ke5 {[%clk 00:15:39]} {[%emt 00:01:42]} 45. Bc6 {[%clk 00:24:51]}
{[%emt 00:01:30]} f4+ {[%clk 00:10:01]} {[%emt 00:06:09]} 46. gxf4+ {[%clk
00:24:47]} {[%emt 00:00:34]} Nxf4 {[%clk 00:10:29]} {[%emt 00:00:02]} 47. Bxb5
{[%clk 00:20:32]} {[%emt 00:04:45]} Ng2+ {[%clk 00:08:44]} {[%emt 00:02:15]}
48. Kf2 {[%clk 00:20:45]} {[%emt 00:00:16]} Nxh4 {[%clk 00:09:13]} {[%emt
00:00:02]} 49. Be8 {[%clk 00:20:46]} {[%emt 00:00:29]} Kd5 {[%clk 00:07:54]}
{[%emt 00:01:49]} 50. Kg3 {[%clk 00:20:42]} {[%emt 00:00:35]} Nf5+ {[%clk
00:07:46]} {[%emt 00:00:39]} 51. Kf4 {[%clk 00:21:01]} {[%emt 00:00:11]} h4
{[%clk 00:05:04]} {[%emt 00:03:12]} 52. Kg4 {[%clk 00:19:25]} {[%emt 00:02:06]}
g5 {[%clk 00:04:46]} {[%emt 00:00:48]} 53. Bd7 {[%clk 00:19:39]} {[%emt
00:00:16]} Nd4 {[%clk 00:04:53]} {[%emt 00:00:22]} 54. a4 {[%clk 00:19:11]}
{[%emt 00:00:58]} Kd6 {[%clk 00:04:36]} {[%emt 00:00:47]} 55. Bc8 {[%clk
00:18:13]} {[%emt 00:01:28]} Kc7 {[%clk 00:04:34]} {[%emt 00:00:32]} 56. Ba6
{[%clk 00:18:37]} {[%emt 00:00:06]} Kb6 {[%clk 00:04:25]} {[%emt 00:00:40]} 57.
Bd3 {[%clk 00:18:56]} {[%emt 00:00:11]} Ka5 {[%clk 00:04:04]} {[%emt 00:00:51]}
1/2-1/2

[Event "DVM U20 2021"]
[Site "Kiel GER"]
[Date "2022.07.25"]
[Round "5"]
[White "Farokhi, Darian"]
[Black "Neugirg, Mika"]
[Result "0-1"]
[Termination "normal"]
[Board "5.6"]
[WhiteElo "1384"]
[BlackElo "1553"]
[WhiteClock "00:54:45"]
[BlackClock "00:30:46"]
[WhiteTeam "SK Doppelbauer Kiel"]
[BlackTeam "SC Bavaria Regensburg von 1881 e.V."]
[PlyCount "54"]
[WhiteFideId "16253108"]
[BlackFideId "34619160"]
[EventCountry "GER"]
[EventRounds "7"]
[EventType "team-swiss"]
[EventDate "2022.07.22"]

1. e4 {[%clk 01:30:58]} c6 {[%clk 01:30:55]} {[%emt 00:00:06]} 2. d4 {[%clk
01:31:15]} {[%emt 00:00:12]} d5 {[%clk 01:31:18]} {[%emt 00:00:06]} 3. Nc3
{[%clk 01:31:40]} {[%emt 00:00:05]} dxe4 {[%clk 01:31:42]} {[%emt 00:00:07]} 4.
Nxe4 {[%clk 01:32:01]} {[%emt 00:00:09]} Nf6 {[%clk 01:32:07]} {[%emt
00:00:06]} 5. Nxf6+ {[%clk 01:32:16]} {[%emt 00:00:15]} exf6 {[%clk 01:32:28]}
{[%emt 00:00:09]} 6. c3 {[%clk 01:32:38]} {[%emt 00:00:07]} Bd6 {[%clk
01:32:51]} {[%emt 00:00:07]} 7. Bd3 {[%clk 01:32:57]} {[%emt 00:00:11]} O-O
{[%clk 01:33:14]} {[%emt 00:00:08]} 8. Qc2 {[%clk 01:33:20]} {[%emt 00:00:08]}
Re8+ {[%clk 01:33:37]} {[%emt 00:00:06]} 9. Ne2 {[%clk 01:33:43]} {[%emt
00:00:07]} h5 {[%clk 01:34:01]} {[%emt 00:00:07]} 10. O-O {[%clk 01:34:05]}
{[%emt 00:00:08]} h4 {[%clk 01:34:25]} {[%emt 00:00:07]} 11. h3 {[%clk
01:34:31]} {[%emt 00:00:04]} Nd7 {[%clk 01:34:36]} {[%emt 00:00:18]} 12. Be3
{[%clk 01:34:39]} {[%emt 00:00:22]} Nf8 {[%clk 01:34:50]} {[%emt 00:00:15]} 13.
Rad1 {[%clk 01:33:31]} {[%emt 00:01:38]} Be6 {[%clk 01:33:17]} {[%emt
00:02:03]} 14. Rfe1 {[%clk 01:31:46]} {[%emt 00:02:15]} Rc8 {[%clk 01:32:12]}
{[%emt 00:01:35]} 15. b3 {[%clk 01:20:33]} {[%emt 00:11:44]} Qd7 {[%clk
01:21:30]} {[%emt 00:11:10]} 16. Nf4 {[%clk 01:14:07]} {[%emt 00:06:57]} Bb8
{[%clk 01:15:20]} {[%emt 00:06:40]} 17. Ne2 {[%clk 01:09:03]} {[%emt 00:05:35]}
g5 {[%clk 01:07:45]} {[%emt 00:08:02]} 18. Qb2 {[%clk 01:03:52]} {[%emt
00:05:43]} Bxh3 {[%clk 00:50:05]} {[%emt 00:18:08]} 19. gxh3 {[%clk 00:54:51]}
{[%emt 00:09:33]} Qxh3 {[%clk 00:49:40]} {[%emt 00:00:54]} 20. Nc1 {[%clk
00:53:45]} {[%emt 00:01:37]} Bh2+ {[%clk 00:34:06]} {[%emt 00:16:03]} 21. Kh1
{[%clk 00:54:07]} {[%emt 00:00:09]} Bg3+ {[%clk 00:33:50]} {[%emt 00:00:46]}
22. Kg1 {[%clk 00:54:24]} {[%emt 00:00:13]} Qh2+ {[%clk 00:32:46]} {[%emt
00:01:33]} 23. Kf1 {[%clk 00:54:48]} {[%emt 00:00:07]} Qh1+ {[%clk 00:31:24]}
{[%emt 00:01:51]} 24. Ke2 {[%clk 00:54:53]} {[%emt 00:00:26]} Rxe3+ {[%clk
00:30:18]} {[%emt 00:01:35]} 25. Kxe3 {[%clk 00:54:44]} {[%emt 00:00:39]} Bf4+
{[%clk 00:30:25]} {[%emt 00:00:18]} 26. Ke2 {[%clk 00:54:38]} {[%emt 00:00:41]}
Re8+ {[%clk 00:30:39]} {[%emt 00:00:14]} 27. Be4 {[%clk 00:54:45]} {[%emt
00:00:25]} Qxe4+ {[%clk 00:30:46]} {[%emt 00:00:21]} 0-1